000
00308nam a22001337a 4500
020
_a
9789391211509
082
_a
344.046
_b
LEE
100
_a
LEELAKRISHNAN , P
245
_a
ENVIRONMENTAL LAW IN INDIA
250
_a
6
260
_a
GURUGRAM
_b
LEXIS NEXIS
_c
2022
300
_a
XLI , 373
942
_2
ddc
_c
BK
_0
4
999
_c
23345
_d
23345